|
|
|
|
| LEADER |
00000nab a2200000 a 4500 |
| 001 |
vtls000546360 |
| 003 |
SK-MaSNL |
| 005 |
20260303011941.0 |
| 008 |
140424c1995 xo 0 slo |
| 015 |
|
|
|a SNBRB19rr/mm-uuuuu
|
| 035 |
|
|
|a CL0546498
|
| 040 |
|
|
|a SNKBUCL
|b slo
|c SNKBUCL
|e AACR2
|
| 041 |
0 |
|
|a slo
|
| 044 |
|
|
|a xo
|c SK
|
| 080 |
|
|
|a 639.1.092.1(437.6)
|2 1981
|
| 100 |
1 |
|
|a Prešovský, Pavol
|4 aut
|9 991083
|
| 245 |
1 |
0 |
|a Hrozba sa volá pytliactvo
|c Pavol Prešovský
|
| 650 |
0 |
7 |
|a pytliactvo
|2 snkbucl
|9 2844
|
| 655 |
|
7 |
|a články z novín a časopisov
|2 snkbucl
|9 267496
|
| 773 |
0 |
|
|t Poľovníctvo a rybárstvo
|g Roč. 47, č. 3 (1995), s. 3
|x 0231-8768
|
| 850 |
|
|
|a Slovenská národná knižnica v Martine
|a MTA001
|
| 852 |
|
|
|a SNK
|b KIS3GCP
|
| 958 |
|
|
|a RK
|
| 992 |
|
|
|a RBX
|
| 999 |
|
|
|c 1594841
|d 1596771
|